00346nam a2200133Ia 4500003000400000008004100004040001600045082001200061100002500073245003800098260004500136300000800181650002300189GCL140319s9999 xx 000 0 eng d aGCL / cGCL04a860.G V1 aGALDOS, BENITO PEREZ10aVERGATCA / cGALDOS, BENITO PEREZ a[S.N] : bEL LIBRO DE BOLSILLO ، c1985 a20404aSPANISH LITERATURE